Prínosy zo zavádzania manažérskych systémov do praxe diplomová práca

Saved in:
Bibliographic Details
Main Author: Tlaskalová, Lenka
Corporate Author: Obchodná fakulta EU. Katedra tovaroznalectva a kvality tovaru
Other Authors: Gondárová, Jana, 1983-
Format: Book
Language:Slovak
Published: Bratislava 2021
Tags: Add Tag
No Tags, Be the first to tag this record!

MARC

LEADER 00000nbm a2200000 4500
001 0278213
005 20240919131618.7
041 0 |a slo 
044 |a SK 
245 1 0 |a Prínosy zo zavádzania manažérskych systémov do praxe  |b diplomová práca  |c Lenka Tlaskalová ; školiteľ: Jana Gondárová 
264 1 |a Bratislava  |c 2021 
300 |a 83 s. 
100 1 |a Tlaskalová, Lenka 
700 1 |a Gondárová, Jana, 1983- 
710 2 |a Obchodná fakulta EU. Katedra tovaroznalectva a kvality tovaru